| 000 | 006410000a22002410004500 | ||
|---|---|---|---|
| 003 | LK-CoMWRAF | ||
| 005 | 20231020102355.0 | ||
| 008 | 230817t2003 ||||| |||| 00| 0 eng d | ||
| 020 | _a1574328204 | ||
| 040 |
_aLK-CoMWRAF _dLK-CoMWRAF _eLK-CoMWRAF |
||
| 041 | _aeng | ||
| 082 |
_a746.46 _bREY |
||
| 100 | _aReynolds, Bethany S. | ||
| 245 | _aMagic Quilts by the slice | ||
| 260 |
_bPaducah: _aAmerican Quilter's Society, _c2003 |
||
| 300 | _a143 p. : col. ill. ; 28 cm. | ||
| 650 | _aPATCHWORK-Patterns | ||
| 650 | _aQuilting | ||
| 650 | _aRotary cutting | ||
| 650 | _aFans in art | ||
| 700 |
_aSmith,, Barbara _eed. |
||
| 942 | _cBK | ||
| 999 |
_c801 _d801 |
||